Teória a prax riadenia zmien v podnikovej sfére. 2

Metódy uskutočňovania zmien v podnikovej praxi: kontinuálne zlepšovanie, štíhla výroba, zmenšovanie veľkosti podniku (downsizing), vyčleňovanie niektorých činností z podniku (outsourcing), benchmarking, turnaround, krízové riadenie, reengineering, transformačné riadenie.

Salvato in:
Dettagli Bibliografici
Autore principale: Slávik, Štefan, 1955-
Natura: Capitolo di libro
Lingua:slovacco
Soggetti:
Tags: Aggiungi Tag
Nessun Tag, puoi essere il primo ad aggiungerne!!

MARC

LEADER 00000naa a2200000 4500
001 r022013
005 20240502071328.0
041 0 |a slo 
044 |a SK 
245 1 0 |a Teória a prax riadenia zmien v podnikovej sfére. 2  |c Štefan Slávik 
520 |a Metódy uskutočňovania zmien v podnikovej praxi: kontinuálne zlepšovanie, štíhla výroba, zmenšovanie veľkosti podniku (downsizing), vyčleňovanie niektorých činností z podniku (outsourcing), benchmarking, turnaround, krízové riadenie, reengineering, transformačné riadenie. 
610 2 0 |a adaptácia 
610 2 0 |a zmeny organizačné 
610 2 0 |a výroba štíhla 
610 2 0 |a benchmarking 
610 2 0 |a turnaround 
610 2 0 |a reengineering 
610 2 0 |a reštrukturalizácia 
610 2 0 |a riadenie podnikové 
610 2 0 |a teória riadenia 
610 2 0 |a pojmy 
610 2 0 |a outsourcing 
100 1 |a Slávik, Štefan, 1955-